Cities: France, Italy, or Spain? Quiz Stats

 Plays Quiz Updated Mar 4, 2018

Challenge
Share
Tweet
Embed
Score 0/30 Timer 04:00
16 Plays Today
Question Answer Wrong Answers
Rome Italy
97.6%
France
0.3%
Spain
0.3%
Paris France
97.5%
Italy
0.6%
Spain
0.2%
Venice Italy
97.2%
France
0.6%
Spain
0.4%
Madrid Spain
97.1%
France
0.4%
Italy
0.8%
Barcelona Spain
96.9%
France
0.4%
Italy
0.9%
Bordeaux France
96.8%
Italy
0.8%
Spain
0.6%
Pisa Italy
96.1%
France
1%
Spain
1%
Marseille France
95.6%
Italy
1.3%
Spain
1.2%
Florence Italy
95.3%
France
2.4%
Spain
0.5%
Milan Italy
94.8%
France
1.1%
Spain
2.4%
Lyon France
94.7%
Italy
1.6%
Spain
1.8%
Montpellier France
94.4%
Italy
2.3%
Spain
1.4%
Lille France
94.3%
Italy
2.3%
Spain
1.5%
Naples Italy
93.9%
France
3.8%
Spain
0.6%
Málaga Spain
93.7%
France
1.2%
Italy
3.2%
Toulouse France
93.6%
Italy
3%
Spain
1.5%
Las Palmas Spain
93.1%
France
1.4%
Italy
3.7%
Nice France
93%
Italy
4.5%
Spain
0.7%
Rennes France
92.8%
Italy
3.6%
Spain
1.7%
Córdoba Spain
92.8%
France
1.8%
Italy
3.5%
Granada Spain
91.9%
France
2.4%
Italy
3.8%
Genoa Italy
89.5%
France
3.4%
Spain
5.3%
Turin Italy
88.9%
France
5.4%
Spain
3.9%
Bilbao Spain
88.2%
France
2.4%
Italy
7.6%
Bologna Italy
88.1%
France
3.8%
Spain
6.3%
València Spain
87.4%
France
1%
Italy
9.9%
Seville Spain
85.2%
France
9%
Italy
4.1%
Zaragoza Spain
84.9%
France
2.1%
Italy
11.1%
Palermo Italy
84.8%
France
1.2%
Spain
12.3%
Nantes France
80%
Italy
10.3%
Spain
7.8%

You're not logged in!

Compare scores with friends on all Sporcle quizzes.
Join for Free
OR
Log In

You Might Also Like...

Show Comments

Extras

Top Quizzes Today


Score Distribution

Your Account Isn't Verified!

In order to create a playlist on Sporcle, you need to verify the email address you used during registration. Go to your Sporcle Settings to finish the process.

Report this User

Report this user for behavior that violates our Community Guidelines.

Details: